Rhetorique moderne (La) (Record n. 40267)
[ formato base ]
| 000 -LEADER | |
|---|---|
| fixed length control field | 01122nam a2200301Ia 4500 |
| 001 - CONTROL NUMBER | |
| control field | 10967 |
| 003 - CONTROL NUMBER IDENTIFIER | |
| control field | IT-RoPAU |
| 008 - FIXED-LENGTH DATA ELEMENTS--GENERAL INFORMATION | |
| fixed length control field | 130308s9999 xx 000 0 und d |
| 040 ## - CATALOGING SOURCE | |
| Original cataloging agency | IT-RoPAU |
| 040 ## - CATALOGING SOURCE | |
| Transcribing agency | IT-RoPAU |
| 041 ## - LANGUAGE CODE | |
| Language code of text/sound track or separate title | FRANCESE |
| 999 ## - SYSTEM CONTROL NUMBERS (KOHA) | |
| Koha Dewey Subclass [OBSOLETE] | SI |
| 100 ## - MAIN ENTRY--PERSONAL NAME | |
| Personal name | Lavigne Chantal |
| 100 ## - MAIN ENTRY--PERSONAL NAME | |
| Miscellaneous information | Codice Aut. SPICS: 3202 |
| 245 ## - TITLE STATEMENT | |
| Title | Rhetorique moderne (La) |
| 245 ## - TITLE STATEMENT | |
| Remainder of title | Savoir Ecrire Moderne (Le) |
| 250 ## - EDITION STATEMENT | |
| Edition statement | 1a ed. |
| 260 ## - PUBLICATION, DISTRIBUTION, ETC. (IMPRINT) | |
| Place of publication, distribution, etc. | PARIS |
| 260 ## - PUBLICATION, DISTRIBUTION, ETC. (IMPRINT) | |
| Name of publisher, distributor, etc. | Retz |
| 260 ## - PUBLICATION, DISTRIBUTION, ETC. (IMPRINT) | |
| Date of publication, distribution, etc. | 1980 [1° Ed.:1980 - Ed.Ling.Originale:1980] |
| 300 ## - PHYSICAL DESCRIPTION | |
| Extent | "38 p. (prefazione: no ; testo: 38 [pagine: 485-522])" |
| 500 ## - GENERAL NOTE | |
| General note | Retorica moderna Come scegliere una Parola Ripetizioni da Evitare Come Rinnovare I Significati di una Parola Metafora Sineddoche Metonimia Frase scegliere Il Processo di Comunicazione Come Rendere Accessibile una nozione Astratta Come Rendere le Fluttuazioni del pensiero profilo della Frase Frase Corta senza Verbo Volume delle Frasi Frase Perentetica Gioco delle Sonorita' |
| 650 ## - SUBJECT ADDED ENTRY--TOPICAL TERM | |
| Topical term or geographic name as entry element | SAGGI DI LINGUISTICA |
| 650 ## - SUBJECT ADDED ENTRY--TOPICAL TERM | |
| Relator term | Codice materia Spics: 3207 |
| 942 ## - ADDED ENTRY ELEMENTS (KOHA) | |
| Koha item type | LIBRO |
| 957 ## - | |
| -- | 1 |
| 999 ## - SYSTEM CONTROL NUMBERS (KOHA) | |
| -- | 1 |
| Withdrawn status | Lost status | Damaged status | Not for loan | Home library | Current library | Date acquired | Total Checkouts | Full call number | Date last seen | Price effective from | Koha item type | Public note |
|---|---|---|---|---|---|---|---|---|---|---|---|---|
| Buone Condizioni | Not For Loan | SPICS-MEDIATECA | SPICS-MEDIATECA | 08/03/2013 | 10967 | 08/03/2013 | 08/03/2013 | LIBRO | Progressivo inserimento: 4425 / N. Volumi: 0 [=Contributo] Copie: 1 Copia Rara: SI / data import: 1 marzo 2013 - By Epidotti, Trombetti, Vaglietti. |